[Event "ISL-chT2 1718"]
[Site "Reykjavik"]
[Date "2018.03.03"]
[Round "7.3"]
[White "Petursson, Matthias"]
[Black "Mogensen, Asgeir"]
[Result "1/2-1/2"]
[WhiteElo "1902"]
[BlackElo "1947"]
[PlyCount "136"]
[EventDate "2017.10.20"]
[EventType "team-tourn"]
[EventRounds "7"]
[EventCountry "ISL"]
[SourceTitle "EXT 2019"]
[Source "ChessBase"]
[SourceDate "2018.10.10"]
[SourceVersion "1"]
[SourceVersionDate "2018.10.10"]
[SourceQuality "1"]
[WhiteTeam "Reykjavik III"]
[BlackTeam "Hrokar alls Fagnadar"]
[WhiteTeamCountry "ISL"]
[BlackTeamCountry "ISL"]

1. e4 c5 2. Nf3 e6 3. d4 a6 4. a4 d5 5. dxc5 Bxc5 6. exd5 exd5 7. Nc3 Be6 8. Bd3 Ne7 9. 0-0 h6 10. Bf4 Nbc6 11. Re1 Qb6 12. Qd2 Bb4 13. Qe2 d4 14. a5 Qd8 15. Ne4 Nd5 16. Bd2 Bxd2 17. Qxd2 0-0 18. Nc5 Qe7 19. Nxe6 fxe6 20. Ne5 Nxe5 21. Rxe5 Qf6 22. Rae1 Nf4 23. Bc4 Rae8 24. Qxd4 Qg6 25. g3 Qg4 26. R1e4 Nh3+ 27. Kg2 Rxf2+ 28. Qxf2 Nxf2 29. Rxg4 Nxg4 30. Rxe6 Kf8 31. Rxe8+ Kxe8 32. Bd3 Kd8 33. h3 Ne5 34. Be4 Kc7 35. Kf2 b6 36. axb6+ Kxb6 37. Bd3 a5 38. Ke3 Kc5 39. Ke4 Kd6 40. Ba6 Nc6 41. Kf5 Ne7+ 42. Ke4 Nd5 43. Bb7 Nb4 44. c3 Nc2 45. Kd3 Na1 46. b4 a4 47. c4 a3 48. Kc3 a2 49. Kb2 Nc2 50. Kxa2 Nxb4+ 51. Kb3 Nd3 52. Kc3 Nc5 53. Bf3 Ke5 54. Bd5 g5 55. Kd2 Kd4 56. Ke2 Nd7 57. Kf2 Ne5 58. Be6 Nd3+ 59. Kf3 Ne5+ 60. Kg2 Nd3 61. h4 gxh4 62. gxh4 Nf4+ 63. Kg3 Nxe6 64. Kg4 Ng7 65. Kf4 Kxc4 66. Ke5 Nh5 67. Kf5 Kd5 68. Kg6 Ng3 1/2-1/2

[Event "ISL-chT2 1516"]
[Site "Reykjavik"]
[Date "2016.03.04"]
[Round "5.3"]
[White "Bodvarsson, Arni"]
[Black "Petursson, Matthias"]
[Result "1/2-1/2"]
[WhiteElo "1948"]
[BlackElo "1922"]
[PlyCount "64"]
[EventDate "2015.09.25"]
[EventType "team-tourn"]
[EventRounds "7"]
[EventCountry "ISL"]
[SourceTitle "EXT 2017"]
[Source "ChessBase"]
[SourceDate "2016.10.25"]
[SourceVersion "1"]
[SourceVersionDate "2016.10.25"]
[SourceQuality "1"]
[WhiteTeam "Iceland CC"]
[BlackTeam "Reykjavik III"]
[WhiteTeamCountry "ISL"]
[BlackTeamCountry "ISL"]

1. e4 d5 2. exd5 Qxd5 3. d4 c6 4. c4 Qd8 5. Nf3 Nf6 6. Be2 Bf5 7. 0-0 e6 8. Nc3 Be7 9. Re1 0-0 10. h3 Nbd7 11. Bd3 Bxd3 12. Qxd3 Nb6 13. Bf4 Re8 14. Rad1 Qd7 15. b3 Rad8 16. Ne5 Qc8 17. Qf3 Bb4 18. Bg5 Be7 19. Ne4 Nbd7 20. Nxd7 Nxd7 21. Bxe7 Rxe7 22. Qg3 Qb8 23. Nd6 Kf8 24. c5 Nf6 25. Qg5 Ne8 26. Qh4 h6 27. Nf5 Red7 28. Nxh6 gxh6 29. Qxh6+ Ke7 30. Re4 Nf6 31. Rf4 Nd5 32. Qg5+ f6 1/2-1/2

[Event "ISL-chT 0910"]
[Site "Reykjavik"]
[Date "2010.03.05"]
[Round "6"]
[White "Petursson, Matthias"]
[Black "Bergsson, Stefan"]
[Result "0-1"]
[WhiteElo "1917"]
[BlackElo "2070"]
[PlyCount "66"]
[EventDate "2009.09.25"]
[EventType "team-tourn"]
[EventRounds "7"]
[EventCountry "ISL"]
[SourceTitle "EXT 2011"]
[Source "ChessBase"]
[SourceDate "2010.11.26"]
[SourceVersion "1"]
[SourceVersionDate "2010.11.26"]
[SourceQuality "1"]

1. e4 c5 2. Nf3 d6 3. d4 cxd4 4. Nxd4 Nf6 5. Nc3 a6 6. Be2 e6 7. 0-0 Be7 8. Kh1 Qc7 9. f4 Nc6 10. Bf3 Bd7 11. Be3 Rc8 12. g4 h6 13. Rg1 b5 14. a3 Na5 15. g5 hxg5 16. Rxg5 Nc4 17. Bc1 e5 18. Nf5 Bxf5 19. exf5 e4 20. Bg2 Kf8 21. b3 Nb6 22. Bb2 d5 23. Qd2 Rh4 24. Rf1 Ng4 25. Nxd5 Rxh2+ 26. Kg1 Bc5+ 27. Bd4 Nxd5 28. Rxg4 Rh7 29. Rg3 Nxf4 30. Rxf4 Bxd4+ 31. Kf1 Be5 32. Qb4+ Bd6 33. Qxe4 Bxf4 0-1

[Event "Reykjavik Meistaramot Hellis op"]
[Site "Reykjavik"]
[Date "2009.02.23"]
[Round "7"]
[White "Petursson, Matthias"]
[Black "Thorvaldsson, Arni"]
[Result "1-0"]
[WhiteElo "1911"]
[BlackElo "2032"]
[PlyCount "67"]
[EventDate "2009.02.02"]
[EventType "swiss"]
[EventRounds "7"]
[EventCountry "ISL"]
[SourceTitle "EXT 2010"]
[Source "ChessBase"]
[SourceDate "2010.11.25"]
[SourceVersion "1"]
[SourceVersionDate "2010.11.25"]
[SourceQuality "1"]

1. e4 c5 2. Nf3 e6 3. d4 cxd4 4. Nxd4 a6 5. Nc3 Qc7 6. f4 b5 7. a3 Bb7 8. Bd3 Bc5 9. Nf3 Nc6 10. Qe2 d6 11. Be3 Bxe3 12. Qxe3 Nf6 13. 0-0 0-0 14. Rae1 e5 15. Nd5 Qd8 16. fxe5 Ng4 17. Qb6 Qxb6+ 18. Nxb6 Rad8 19. exd6 Rxd6 20. Nd5 Nce5 21. h3 Nxf3+ 22. Rxf3 Bxd5 23. exd5 Nf6 24. c4 bxc4 25. Bxc4 Rfd8 26. Rd3 Nd7 27. b4 f6 28. Re6 Ne5 29. Rc3 Kf7 30. Bb3 R8d7 31. Rc6 Nxc6 32. dxc6 Rd1+ 33. Kh2 R7d3 34. c7 1-0

[Event "Reykjavik Meistaramot Hellis op"]
[Site "Reykjavik"]
[Date "2009.02.06"]
[Round "4"]
[White "Magnusson, Patrekur Maron"]
[Black "Petursson, Matthias"]
[Result "0-1"]
[WhiteElo "1902"]
[BlackElo "1911"]
[PlyCount "64"]
[EventDate "2009.02.02"]
[EventType "swiss"]
[EventRounds "7"]
[EventCountry "ISL"]
[SourceTitle "EXT 2010"]
[Source "ChessBase"]
[SourceDate "2010.11.25"]
[SourceVersion "1"]
[SourceVersionDate "2010.11.25"]
[SourceQuality "1"]

1. d4 Nf6 2. Bg5 d5 3. e3 Bf5 4. Nf3 h6 5. Bh4 e6 6. Bd3 Bxd3 7. Qxd3 Nbd7 8. Nbd2 Bd6 9. 0-0 0-0 10. c4 c6 11. c5 Be7 12. b4 Nh5 13. Bxe7 Qxe7 14. Ne5 Nxe5 15. dxe5 f5 16. f4 g5 17. Qe2 Ng7 18. g3 g4 19. Nb3 Kf7 20. a4 h5 21. b5 h4 22. Kg2 Rh8 23. Rh1 Rh6 24. Rac1 Rah8 25. Qb2 Nh5 26. Qb1 hxg3 27. hxg3 Nxg3 28. Kxg3 Rh3+ 29. Rxh3 Rxh3+ 30. Kf2 Rh2+ 31. Ke1 Qh4+ 32. Kd1 Qf2 0-1

[Event "Reykjavik Meistaramot Hellis op"]
[Site "Reykjavik"]
[Date "2009.02.04"]
[Round "2"]
[White "Gretarsson, Hjorvar Steinn"]
[Black "Petursson, Matthias"]
[Result "1-0"]
[WhiteElo "2279"]
[BlackElo "1911"]
[PlyCount "53"]
[EventDate "2009.02.02"]
[EventType "swiss"]
[EventRounds "7"]
[EventCountry "ISL"]
[SourceTitle "EXT 2010"]
[Source "ChessBase"]
[SourceDate "2010.11.25"]
[SourceVersion "1"]
[SourceVersionDate "2010.11.25"]
[SourceQuality "1"]

1. c4 Nf6 2. Nc3 g6 3. e4 d6 4. d4 Bg7 5. f3 Nc6 6. Nge2 a6 7. Be3 Rb8 8. Rc1 0-0 9. Qd2 Bd7 10. Nd1 e6 11. g3 d5 12. cxd5 exd5 13. e5 Ne8 14. Nf4 Ne7 15. h4 c6 16. h5 Nc7 17. Bd3 f6 18. hxg6 hxg6 19. Nxg6 Nxg6 20. Bxg6 fxe5 21. Qh2 Rxf3 22. Qh7+ Kf8 23. Bh6 Qf6 24. Qh8+ Ke7 25. Qxg7+ Qxg7 26. Bxg7 Rxg3 27. Bxe5 1-0

[Event "Reykjavik TR-chC"]
[Site "Reykjavik"]
[Date "2008.11.14"]
[Round "9"]
[White "Petursson, Matthias"]
[Black "Oskarsson, Aron Ingi"]
[Result "1-0"]
[WhiteElo "1896"]
[BlackElo "1876"]
[PlyCount "79"]
[EventDate "2008.10.26"]
[EventType "tourn"]
[EventRounds "9"]
[EventCountry "ISL"]
[SourceTitle "EXT 2010"]
[Source "ChessBase"]
[SourceDate "2010.11.25"]
[SourceVersion "1"]
[SourceVersionDate "2010.11.25"]
[SourceQuality "1"]

1. e4 e5 2. Nf3 Nc6 3. d4 exd4 4. Bc4 Nf6 5. e5 d5 6. Bb5 Ne4 7. Nxd4 Bd7 8. Bxc6 bxc6 9. 0-0 Bc5 10. f3 Ng5 11. f4 Ne4 12. Be3 Qh4 13. Nc3 Nxc3 14. bxc3 Bb6 15. Qd2 Qe7 16. Qf2 g6 17. Nb3 Bf5 18. Bc5 Bxc5 19. Nxc5 Bxc2 20. Qxc2 Qxc5+ 21. Kh1 Kd7 22. f5 Rae8 23. Rae1 Re7 24. Qd3 Rhe8 25. Qh3 gxf5 26. Rxf5 Re6 27. Rxf7+ R8e7 28. Ref1 Kd8 29. Qxh7 Rxf7 30. Rxf7 Rxe5 31. Rd7+ Kc8 32. Rxc7+ Kb8 33. Qh8+ Kxc7 34. Qxe5+ Kb7 35. Qd4 Qb5 36. Qb4 Kb6 37. h4 c5 38. Qxb5+ Kxb5 39. h5 Kc4 40. h6 1-0

[Event "Reykjavik TR-chC"]
[Site "Reykjavik"]
[Date "2008.10.31"]
[Round "3"]
[White "Petursson, Matthias"]
[Black "Sigurdsson, Pall"]
[Result "0-1"]
[WhiteElo "1896"]
[BlackElo "1867"]
[PlyCount "42"]
[EventDate "2008.10.26"]
[EventType "tourn"]
[EventRounds "9"]
[EventCountry "ISL"]
[SourceTitle "EXT 2010"]
[Source "ChessBase"]
[SourceDate "2010.11.25"]
[SourceVersion "1"]
[SourceVersionDate "2010.11.25"]
[SourceQuality "1"]

1. e4 c5 2. Nf3 d6 3. d4 cxd4 4. Nxd4 Nf6 5. Nc3 a6 6. Be2 e6 7. 0-0 Nbd7 8. f4 Qc7 9. a4 b6 10. Kh1 Bb7 11. Bf3 Nc5 12. Qe2 Rd8 13. f5 e5 14. Nb3 Be7 15. g4 d5 16. Nxc5 Bxc5 17. Bg5 dxe4 18. Bg2 e3 19. Bxf6 Rd2 20. Bxe5 Rxe2 21. Nxe2 Bxg2+ 0-1

[Event "Reykjavik TR-chC"]
[Site "Reykjavik"]
[Date "2008.10.29"]
[Round "2"]
[White "Sigurdsson, Jakob Saevar"]
[Black "Petursson, Matthias"]
[Result "0-1"]
[WhiteElo "1817"]
[BlackElo "1896"]
[PlyCount "64"]
[EventDate "2008.10.26"]
[EventType "tourn"]
[EventRounds "9"]
[EventCountry "ISL"]
[SourceTitle "EXT 2010"]
[Source "ChessBase"]
[SourceDate "2010.11.25"]
[SourceVersion "1"]
[SourceVersionDate "2010.11.25"]
[SourceQuality "1"]

1. e4 d5 2. exd5 Qxd5 3. Nc3 Qa5 4. d4 Nf6 5. Nf3 Bf5 6. Bc4 c6 7. Qe2 e6 8. Bd2 Bb4 9. 0-0-0 Nbd7 10. Ne5 Nxe5 11. dxe5 Nd5 12. Nxd5 Bxd2+ 13. Rxd2 cxd5 14. Bb3 b5 15. g4 Bg6 16. f4 Qb4 17. f5 exf5 18. Bxd5 Rc8 19. e6 0-0 20. gxf5 Bxf5 21. exf7+ Kh8 22. Qe5 Bg6 23. Rg2 Qc5 24. h4 Rxf7 25. h5 Bxc2 26. Qc3 Qf8 27. Qxc8 Qxc8 28. Rxc2 Rc7 29. Rhh2 Rxc2+ 30. Rxc2 Qf5 31. Bf3 g6 32. hxg6 Qxf3 0-1

[Event "Reykjavik CC Inv"]
[Site "Reykjavik"]
[Date "2007.09.19"]
[Round "3"]
[White "Omarsson, Dadi"]
[Black "Petursson, Matthias"]
[Result "1-0"]
[WhiteElo "1951"]
[BlackElo "1919"]
[PlyCount "77"]
[EventDate "2007.09.17"]
[EventType "tourn"]
[EventRounds "9"]
[EventCountry "ISL"]
[SourceTitle "EXT 2008"]
[Source "ChessBase"]
[SourceDate "2007.11.25"]
[SourceVersion "1"]
[SourceVersionDate "2007.11.25"]
[SourceQuality "1"]

1. Nf3 d5 2. c4 c6 3. d4 e6 4. g3 f5 5. Bg2 Nf6 6. 0-0 Be7 7. Qc2 0-0 8. Ne5 Ne4 9. Nd2 Nd7 10. Ndf3 Ndf6 11. b3 Bd7 12. a4 Be8 13. Nd3 Bh5 14. Nfe5 Re8 15. f3 Nd6 16. h3 Rf8 17. c5 Nde8 18. b4 a6 19. Rb1 Nc7 20. g4 Bf7 21. Bf4 Kh8 22. e3 Bg8 23. Qf2 Bf7 24. Qg3 Rc8 25. Rb2 Bg8 26. Bh1 Bf7 27. Rh2 Bg8 28. Bg2 Bf7 29. h4 Bg8 30. h5 fxg4 31. fxg4 Bf7 32. g5 Ne4 33. Bxe4 dxe4 34. Nf2 Nd5 35. Nxe4 Be8 36. Ng6+ hxg6 37. hxg6+ Kg8 38. Rh8+ Kxh8 39. Qh3+ 1-0

[Event "Reykjavik CC Inv"]
[Site "Reykjavik"]
[Date "2007.09.18"]
[Round "2"]
[White "Petursson, Matthias"]
[Black "Lund, Silas"]
[Result "0-1"]
[WhiteElo "1919"]
[BlackElo "2406"]
[PlyCount "58"]
[EventDate "2007.09.17"]
[EventType "tourn"]
[EventRounds "9"]
[EventCountry "ISL"]
[SourceTitle "EXT 2008"]
[Source "ChessBase"]
[SourceDate "2007.11.25"]
[SourceVersion "1"]
[SourceVersionDate "2007.11.25"]
[SourceQuality "1"]

1. e4 e5 2. Nf3 Nc6 3. d4 exd4 4. Bc4 Nf6 5. e5 Ng4 6. Bf4 d6 7. Qe2 Ngxe5 8. Nxe5 Nxe5 9. Bxe5 dxe5 10. Qxe5+ Qe7 11. Qxe7+ Bxe7 12. 0-0 0-0 13. Nd2 Bf5 14. Bd3 Bxd3 15. cxd3 Rfe8 16. Rac1 c5 17. Ne4 b6 18. Rfe1 f5 19. Nd2 Bg5 20. Red1 Re2 21. Rc2 c4 22. Nf3 Rxc2 23. Nxg5 cxd3 24. Kf1 Re8 25. Nf3 Ree2 26. Nxd4 Rxf2+ 27. Ke1 Rxg2 28. Nxc2 dxc2 29. Rc1 Rxh2 0-1

[Event "World ol U16 06th"]
[Site "Singapore"]
[Date "2007.08.06"]
[Round "3"]
[White "Swayams, Mishra"]
[Black "Petursson, Matthias"]
[Result "1-0"]
[WhiteElo "2186"]
[BlackElo "1919"]
[PlyCount "90"]
[EventDate "2007.08.05"]
[EventType "team-swiss"]
[EventRounds "10"]
[EventCountry "SIN"]
[SourceTitle "EXT 2008"]
[Source "ChessBase"]
[SourceDate "2007.11.25"]
[SourceVersion "1"]
[SourceVersionDate "2007.11.25"]
[SourceQuality "1"]

1. e4 d5 2. exd5 Qxd5 3. Nc3 Qd6 4. d4 Nf6 5. Nf3 a6 6. Be3 b5 7. Qd2 Bb7 8. Bf4 Qb6 9. Ne5 e6 10. f3 c5 11. dxc5 Bxc5 12. Nd3 Be7 13. Be3 Qc7 14. Qf2 Nbd7 15. a3 0-0 16. Be2 Nd5 17. Nxd5 Bxd5 18. Rc1 Bd6 19. g3 Rac8 20. 0-0 Ne5 21. Nxe5 Bxe5 22. Bd4 Bxd4 23. Qxd4 Rfd8 24. Qe3 Qb7 25. Rfd1 Rd7 26. Rd2 Rdc7 27. Kf2 h6 28. Bd3 Rc5 29. Rcd1 Qc7 30. Re1 Qe7 31. c3 Qb7 32. Bc2 a5 33. Rd4 Qc6 34. Red1 Rb8 35. Rg4 Kh8 36. Rxg7 Kxg7 37. Qe5+ Kf8 38. Qxb8+ Kg7 39. Qf4 Qb6 40. Rd4 Rc4 41. Bd3 Rxd4 42. Qxd4+ Qxd4+ 43. cxd4 Bc6 44. Be4 Be8 45. Ke3 Kf8 1-0

[Event "Mysliborz op 2nd"]
[Site "Mysliborz"]
[Date "2007.06.16"]
[Round "7.7"]
[White "Mielke, Torsten Mario"]
[Black "Petursson, Matthias"]
[Result "1/2-1/2"]
[WhiteElo "1932"]
[BlackElo "1916"]
[PlyCount "117"]
[EventDate "2007.06.11"]
[EventType "swiss"]
[EventRounds "7"]
[EventCountry "POL"]
[SourceTitle "EXT 2023"]
[Source "ChessBase"]
[SourceDate "2022.10.05"]
[SourceVersion "1"]
[SourceVersionDate "2022.10.05"]
[SourceQuality "1"]

1. e4 d5 2. exd5 Qxd5 3. Nc3 Qd6 4. Nf3 Nf6 5. Bc4 a6 6. d3 b5 7. Bb3 Bb7 8. 0-0 e6 9. Ng5 Be7 10. Nce4 Nxe4 11. Nxe4 Qc6 12. f3 0-0 13. Be3 Nd7 14. a3 Nf6 15. Qe1 Rfd8 16. Bg5 Qb6+ 17. Kh1 Qd4 18. c3 Qd7 19. Rd1 Nd5 20. d4 h6 21. Bc1 Rac8 22. Qg3 Kh8 23. Bc2 Nf6 24. Qh3 Nh7 25. Nc5 Bxc5 26. dxc5 Qe7 27. Bxh6 gxh6 28. Qxh6 f6 29. Bxh7 Qg7 30. Qxg7+ Kxg7 31. Bc2 Bd5 32. Rd4 Rd7 33. Rg4+ Kf7 34. Rd1 Rcd8 35. h3 Kf8 36. Kh2 Kf7 37. Rh4 Kg8 38. Rdd4 e5 39. Rdg4+ Kf7 40. Bf5 Be6 41. Rh7+ Kf8 42. Rxd7 Bxd7 43. Bxd7 Rxd7 44. a4 Rd2 45. axb5 axb5 46. Rb4 c6 47. b3 Rb2 48. h4 Kg7 49. Kh3 Kh6 50. g3 Kg6 51. Rg4+ Kh7 52. Rb4 Kg6 53. g4 Kh6 54. h5 Kg5 55. Kg3 Rb1 56. c4 bxc4 57. Rxc4 Rxb3 58. Rc2 Ra3 59. Rc4 1/2-1/2

[Event "Mysliborz op 2nd"]
[Site "Mysliborz"]
[Date "2007.06.14"]
[Round "5"]
[White "Petursson, Matthias"]
[Black "Muc, Zbigniew"]
[Result "1-0"]
[WhiteElo "1916"]
[BlackElo "2010"]
[PlyCount "113"]
[EventDate "2007.06.11"]
[EventType "swiss"]
[EventRounds "7"]
[EventCountry "POL"]
[SourceTitle "EXT 2009"]
[Source "ChessBase"]
[SourceDate "2008.11.26"]
[SourceVersion "1"]
[SourceVersionDate "2008.11.26"]
[SourceQuality "1"]

1. e4 c6 2. d4 d5 3. exd5 cxd5 4. Bd3 Nc6 5. c3 Nf6 6. Bf4 g6 7. Nd2 Bg7 8. Ngf3 0-0 9. 0-0 Nh5 10. Bg3 f5 11. Re1 h6 12. h3 Nxg3 13. fxg3 Qc7 14. Nf1 e5 15. dxe5 Nxe5 16. Nxe5 Bxe5 17. Qf3 Rd8 18. Re2 Bg7 19. Rae1 Qc5+ 20. Kh1 Bd7 21. Ne3 Bc6 22. Nxf5 d4 23. Ne7+ Qxe7 24. Rxe7 Bxf3 25. gxf3 dxc3 26. Bc4+ Kh8 27. bxc3 Bxc3 28. R1e2 Rab8 29. R2e6 Rbc8 30. Be2 Bb4 31. Rxb7 Rc1+ 32. Kg2 Bc5 33. f4 Rc2 34. a4 h5 35. h4 Ra2 36. Kh3 Rxa4 37. Rxg6 Bf8 38. Bxh5 a5 39. Bg4 Rd6 40. Be6 Bg7 41. Rbxg7 Rxe6 42. Rg8+ Kh7 43. R6g7+ Kh6 44. f5 Rf6 45. Rg6+ Rxg6 46. Rxg6+ Kh7 47. Rf6 Kg8 48. Ra6 Kg7 49. h5 Ra1 50. Kh4 a4 51. Kg5 a3 52. h6+ Kf7 53. Ra7+ Ke8 54. h7 Rh1 55. Kg6 a2 56. Rxa2 Rh3 57. h8Q+ 1-0

[Event "Mysliborz op 2nd"]
[Site "Mysliborz"]
[Date "2007.06.13"]
[Round "4"]
[White "Smirnov, Aleksander"]
[Black "Petursson, Matthias"]
[Result "1-0"]
[WhiteElo "2227"]
[BlackElo "1916"]
[PlyCount "65"]
[EventDate "2007.06.11"]
[EventType "swiss"]
[EventRounds "7"]
[EventCountry "POL"]
[SourceTitle "EXT 2009"]
[Source "ChessBase"]
[SourceDate "2008.11.26"]
[SourceVersion "1"]
[SourceVersionDate "2008.11.26"]
[SourceQuality "1"]

1. e4 c5 2. Nf3 d6 3. Bc4 Nf6 4. d3 e6 5. Bb3 Be7 6. 0-0 0-0 7. c3 Nc6 8. Re1 Qc7 9. Nbd2 a6 10. Nf1 b5 11. Ng3 Bb7 12. a3 Rfe8 13. h3 a5 14. a4 b4 15. Bf4 bxc3 16. bxc3 Rab8 17. Bc4 Nd7 18. Rc1 Qc8 19. Bb5 Ba6 20. c4 Nb4 21. Nh2 Rb6 22. Ng4 d5 23. Nh5 f5 24. Bxd7 Qxd7 25. Ne5 Qc8 26. Nxg7 Kxg7 27. Qh5 Rf8 28. Qh6+ Kg8 29. Re3 Rf6 30. Rg3+ Rg6 31. Rxg6+ hxg6 32. Qxg6+ Kf8 33. Qf7# 1-0